| 000 | 01248nam0a2200337 4500 | ||
|---|---|---|---|
| 001 | RU\NLR\bibl\1832810 | ||
| 005 | 20260407233840.0 | ||
| 010 | _a978-5-7475-0128-7 | ||
| 021 |
_aRU _b2011-2740и _9371и |
||
| 021 |
_aRU _b2012-220и _934и |
||
| 035 | _a(NLR Aleph) 001823305 | ||
| 090 |
_a2036259 _c2036259 |
||
| 100 | _a20111111d2011 |||y0rusy50 ca | ||
| 101 | 0 | _arus | |
| 102 | _aRU | ||
| 105 | _aa ||||||||| | ||
| 200 | 1 |
_aМамонтовский художественный кружок _f[Д. Перова] |
|
| 210 |
_aМосква _cДирект-Медиа _d2011 |
||
| 215 |
_a48 с. _cцв. ил. _d32 |
||
| 225 | 1 |
_aВеликие художники _vт. 93 |
|
| 300 | _aАвт. указан на обороте тит. л. | ||
| 601 | 0 | 2 |
_aМосковский художественный кружок _91093089 _3RU\NLR\auth\66109985 |
| 686 | _aЩ103(2Р=Рус)53-29Московский художественный кружок | ||
| 700 | 1 |
_aПерова _bД. _4070 |
|
| 712 | 0 | 2 |
_4570 _aМосковский художественный кружок _3RU\NLR\AUTH\8810160356 _9816495 |
| 801 | 0 |
_aRU _bNLR _c20111111 _gRCR |
|
| 801 | 1 |
_aRU _bNLR _c20111111 |
|
| 942 | _cBOOK | ||
| 980 | _aNB | ||
| 980 | _aNBR | ||